Strategic management: (Record no. 14242)

MARC details
000 -LEADER
fixed length control field 00574nam a22001817a 4500
003 - CONTROL NUMBER IDENTIFIER
control field URS
005 - DATE AND TIME OF LATEST TRANSACTION
control field 20220114171608.0
008 - FIXED-LENGTH DATA ELEMENTS--GENERAL INFORMATION
fixed length control field 170324b xxu||||| |||| 00| 0 eng d
050 ## - LIBRARY OF CONGRESS CALL NUMBER
Classification number HD30.28
Item number H676 2003
100 ## - MAIN ENTRY--PERSONAL NAME
Personal name Hitt, Michael A.
Relator code author
245 ## - TITLE STATEMENT
Title Strategic management:
Remainder of title competitiveness and globalization
Statement of responsibility, etc. Michael A. Hitt, R. Duane Ireland, Editor
250 ## - EDITION STATEMENT
Edition statement Fifth Edition
260 ## - PUBLICATION, DISTRIBUTION, ETC.
Place of publication, distribution, etc. Australia:
Name of publisher, distributor, etc. South-Western,
Date of publication, distribution, etc. 2003
300 ## - PHYSICAL DESCRIPTION
Extent Various paging;
Dimensions 25 cm.
700 ## - ADDED ENTRY--PERSONAL NAME
Relator code author
Personal name Ireland, R Duane
700 ## - ADDED ENTRY--PERSONAL NAME
Relator code author
Personal name Hoskisson, Robert E.
942 ## - ADDED ENTRY ELEMENTS (KOHA)
Koha item type Foreign Books
Source of classification or shelving scheme Library of Congress Classification
Holdings
Withdrawn status Source of classification or shelving scheme Damaged status Not for loan Collection code Home library Current library Shelving location Date acquired Total Checkouts Full call number Barcode Date last seen Price effective from Koha item type
  Library of Congress Classification     Non-fiction Binangonan College Library Binangonan College Library Foreign Section 06/07/2023   HD30.28 H676 2003 URSBIN-0504 03/09/2016 03/09/2016 Foreign Books

University of Rizal System
Email us at univlibservices@urs.edu.ph

Visit our Website www.urs.edu.ph/library